Obtrusive light from proposed developments (Record no. 115009)

MARC details
000 -LEADER
fixed length control field 00687cam a22002415a 4500
001 - CONTROL NUMBER
control field L157873
008 - FIXED-LENGTH DATA ELEMENTS--GENERAL INFORMATION
fixed length control field 130621s2013 xxk f 000 0 eng d
020 ## - INTERNATIONAL STANDARD BOOK NUMBER
International Standard Book Number 9781848063259
035 ## - SYSTEM CONTROL NUMBER
System control number (Sirsi) u157873
041 0# - LANGUAGE CODE
Language code of text/sound track or separate title eng
100 1# - MAIN ENTRY--PERSONAL NAME
Personal name King, Stephanie
245 00 - TITLE STATEMENT
Title Obtrusive light from proposed developments
260 ## - PUBLICATION, DISTRIBUTION, ETC.
Place of publication, distribution, etc. Watford : BRE, 2013
300 ## - PHYSICAL DESCRIPTION
Extent 12p.
Other physical details ill.
Dimensions 30cm.
490 #0 - SERIES STATEMENT
Series statement BRE Digest ; 529 part 2
520 ## - SUMMARY, ETC.
Summary, etc. Digest outlines how obstructive light can be addressed when a development is proposed.
521 ## - TARGET AUDIENCE NOTE
Target audience note KA
650 24 - SUBJECT ADDED ENTRY--TOPICAL TERM
Topical term or geographic name entry element Light pollution,
651 #4 - SUBJECT ADDED ENTRY--GEOGRAPHIC NAME
Geographic name ENGLAND AND WALES
690 ## - LOCAL SUBJECT ADDED ENTRY--TOPICAL TERM (OCLC, RLIN)
Topical term or geographic name as entry element Light pollution,
700 1# - ADDED ENTRY--PERSONAL NAME
Personal name Littlefair, Paul
942 ## - ADDED ENTRY ELEMENTS (KOHA)
Suppress in OPAC 0
Holdings
Withdrawn status Lost status Source of classification or shelving scheme Damaged status Not for loan Home library Current library Shelving location Date acquired Total Checkouts Full call number Barcode Date last seen Copy number Price effective from Koha item type
    Dewey Decimal Classification     London London BRE publications 21/06/2013   BRE - LONDON 30075222 06/08/2019 1 06/08/2019 Book